LEADER 01372nam a2200325 a 4500 001 000000129804 003 CaOOAMICUS 005 20120724142701.0 008 120724s2012 it u000 u ita r 040 $aPUL$bita 082 04$a306.8 100 1 $aPietropolli Charmet, Gustavo.$0(OLS)http://pul/name/50155 245 10$aNon č colpa delle mamme /$cGustavo Pietropolli Charmet ; prefazione di Elena Rosci. 260 $aMilano :$bR.C.S. Libri,$c©2012. 300 $aXII, 297 p. ;$c20 cm 490 1 $aBiblioteca dei genitori ;$v03 500 $aEd. speciale per il Corriere della Sera. 504 $aInclude riferimenti bibliografici. 650 4$aGenitori$xEducazione.$0(OLS)http://pul/subject/10249 650 4$aMaternitą.$0(OLS)http://pul/subject/20606 650 4$aMadri.$0(OLS)http://pul/subject/26381 700 1 $aRosci, Elena.$0(OLS)http://pul/name/83111 830 0$aBiblioteca dei genitori ;$v03.$0(OLS)http://pul/title/84363 850 $aPUL 852 $aPUL$W1$xDP2 Diritto e Scienze Sociali 3$y110$m306. 8 COLL 1.3$j150265$qDDC 21$B148833$CPULBib$Z2$F148833 $H120328 $82 941 1 $a9 996 $6082$a306.8$9(OLS)http://pul/classification/699 996 $6245$aNon č colpa delle mamme$9(OLS)http://pul/title/164080 996 $6260$aMilano :$bR.C.S. Libri$9(OLS)http://pul/publisher/74600 LEADER 01519nam a2200289 u 4500 001 000000054276 003 CaOOAMICUS 005 20070226115644.0 008 001205s1997 vc f u000 u mul u 020 $a88-210-0675-1 035 $a10863187 040 $aBAV$bita$dPUL(R) 111 2 $aInternational Congress of Medieval Canon Law$n(9th :$d1992 :$cMonaco).$0(OLS)http://pul/name/79773 245 10$aProceedings of the Ninth International Congress of Medieval Canon Law :$bMunich, 13-18 July 1992 /$cPeter Landau and Joers Mueller. 260 $aCittą del Vaticano :$bBiblioteca Apostolica Vaticana,$c1997. 300 $axxxv, 1188 p. ;$c26 cm 490 1 $aMonumenta iuris canonici.$aSeries C, Subsidia ;$v10 650 4$aDiritto canonico medievale$xCongressi.$0(OLS)http://pul/subject/7869 700 1 $aMueller, Joers.$0(OLS)http://pul/name/38526 700 1 $aLandaau, Peter.$0(OLS)http://pul/name/38525 830 0$aMonumenta iuris canonici.$nSeries C,$pSubsidia ;$v10.$0(OLS)http://pul/title/13985 850 $aPUL 852 $aPUL$W1$xSL Diritto Canonico 3$y77$m262. 99 CAN.7 5.10$j71519$nBK-PRI$b $qDDC 21$B71519$CPULBib$Z2$F71519 $H77769 $82 941 1 $a9 996 $6020$a88-210-0675-1$9(OLS)http://pul/number/68364 996 $6245$aProceedings of the Ninth International Congress of Medieval Canon Law :$bMunich, 13-18 July 1992$9(OLS)http://pul/title/72795 996 $6260$aCittą del Vaticano :$bBiblioteca Apostolica Vaticana$9(OLS)http://pul/publisher/48729